Development, Social Change and Environmental Sustainability : Proceedings of the International Conference on Contemporary Sociology and Educational Transformation (ICCSET 2020), Malang, Indonesia, 23 September 2020.

Bibliographic Details
Main Author: Sumarmi.
Other Authors: Meiji, Nanda Harda Pratama., Purwasih, Joan Hesti Gita., Kodir, Abdul., Andriesse, Edo Han Siu., Ilies, Dorina Camelia., Miichi, Ken.
Format: eBook
Language:English
Published: Milton : CRC Press LLC, 2021.
Edition:1st ed.
Subjects:
Online Access:Click to View
LEADER 01790nam a22004213i 4500
001 EBC7245599
003 MiAaPQ
005 20231204023229.0
006 m o d |
007 cr cnu||||||||
008 231204s2021 xx o ||||0 eng d
020 |a 9781000433715  |q (electronic bk.) 
020 |z 9781032013206 
035 |a (MiAaPQ)EBC7245599 
035 |a (Au-PeEL)EBL7245599 
035 |a (OCoLC)1378933785 
040 |a MiAaPQ  |b eng  |e rda  |e pn  |c MiAaPQ  |d MiAaPQ 
100 1 |a Sumarmi. 
245 1 0 |a Development, Social Change and Environmental Sustainability :  |b Proceedings of the International Conference on Contemporary Sociology and Educational Transformation (ICCSET 2020), Malang, Indonesia, 23 September 2020. 
250 |a 1st ed. 
264 1 |a Milton :  |b CRC Press LLC,  |c 2021. 
264 4 |c Ã2021. 
300 |a 1 online resource (186 pages) 
336 |a text  |b txt  |2 rdacontent 
337 |a computer  |b c  |2 rdamedia 
338 |a online resource  |b cr  |2 rdacarrier 
588 |a Description based on publisher supplied metadata and other sources. 
590 |a Electronic reproduction. Ann Arbor, Michigan : ProQuest Ebook Central, 2023. Available via World Wide Web. Access may be limited to ProQuest Ebook Central affiliated libraries.  
655 4 |a Electronic books. 
700 1 |a Meiji, Nanda Harda Pratama. 
700 1 |a Purwasih, Joan Hesti Gita. 
700 1 |a Kodir, Abdul. 
700 1 |a Andriesse, Edo Han Siu. 
700 1 |a Ilies, Dorina Camelia. 
700 1 |a Miichi, Ken. 
776 0 8 |i Print version:  |a Sumarmi  |t Development, Social Change and Environmental Sustainability  |d Milton : CRC Press LLC,c2021  |z 9781032013206 
797 2 |a ProQuest (Firm) 
856 4 0 |u https://ebookcentral.proquest.com/lib/matrademy/detail.action?docID=7245599  |z Click to View